Figure out the Lyrics (Songs from Movies V) Quiz Stats

Quiz not verified by Sporcle

Challenge
Share
Tweet
Embed
Score 0/242 Timer 08:00
0 Plays Today
% Correct
a
98.2%
a
98.2%
a
98.2%
a
98.2%
a
98.2%
a
98.2%
a
98.2%
you,
94.5%
you
94.5%
you
94.5%
you,
94.5%
you
94.5%
you
94.5%
you
94.5%
you
94.5%
you
94.5%
you,
94.5%
you
94.5%
you
94.5%
you,
94.5%
you
94.5%
you
94.5%
you,
94.5%
you
94.5%
you
94.5%
you
94.5%
you.
94.5%
you
94.5%
And
90.9%
And
90.9%
and
90.9%
to
89.1%
to
89.1%
to
89.1%
to
89.1%
the
89.1%
to
89.1%
the
89.1%
the
89.1%
to
89.1%
the
89.1%
to
89.1%
the
89.1%
to
89.1%
to
89.1%
it
87.3%
it
87.3%
it
87.3%
it,
87.3%
it
87.3%
will
83.6%
will
83.6%
in
83.6%
in
83.6%
will
83.6%
your
81.8%
your
81.8%
on
78.2%
on
78.2%
when
76.4%
know.
74.5%
who
74.5%
know
74.5%
are
74.5%
know.
74.5%
who
74.5%
know.
74.5%
who
74.5%
no
72.7%
for
70.9%
for
70.9%
for
70.9%
where
70.9%
for
70.9%
Where
70.9%
that
70.9%
more
69.1%
than
69.1%
more
69.1%
than
69.1%
of
69.1%
% Correct
more
69.1%
than
69.1%
have
69.1%
here's
67.3%
here's
67.3%
It's
67.3%
its
67.3%
loves
65.5%
loves
65.5%
loves
65.5%
all
63.6%
at
63.6%
all
63.6%
at
63.6%
gone,
63.6%
has
63.6%
gone
63.6%
Mrs.
61.8%
Robinson,
61.8%
Jesus
61.8%
Mrs.
61.8%
Robinson.
61.8%
those
61.8%
see
61.8%
Mrs.
61.8%
Robinson,
61.8%
Jesus
61.8%
Mrs.
61.8%
Robinson.
61.8%
those
61.8%
Mrs.
61.8%
Robinson,
61.8%
Jesus
61.8%
Mrs.
61.8%
Robinson.
61.8%
those
61.8%
this
61.8%
Mrs.
61.8%
Robinson.
61.8%
from
60%
say,
60%
ever
58.2%
you've
56.4%
you've
56.4%
Hey,
54.5%
hey,
54.5%
hey.
54.5%
Hey,
54.5%
hey,
54.5%
hey.
54.5%
Hey,
54.5%
hey,
54.5%
hey.
54.5%
Hey,
54.5%
hey,
54.5%
hey.
54.5%
one
54.5%
Hey,
54.5%
hey,
54.5%
hey.
54.5%
Hey,
54.5%
hey,
54.5%
hey.
54.5%
Hey,
54.5%
hey,
54.5%
hey.
54.5%
Hey,
54.5%
hey,
54.5%
hey.
54.5%
place
52.7%
like
52.7%
like
52.7%
place
52.7%
place
52.7%
with
52.7%
just
52.7%
place
52.7%
away,
52.7%
Heaven
50.9%
pray,
50.9%
Heaven
50.9%
% Correct
pray,
50.9%
Heaven
50.9%
pray,
50.9%
way
49.1%
What's
49.1%
please
47.3%
holds
47.3%
eyes,
47.3%
please
47.3%
holds
47.3%
got
47.3%
please
47.3%
holds
47.3%
got
47.3%
Every
47.3%
Joe
47.3%
DiMaggio,
47.3%
eyes
47.3%
Joe
47.3%
God
45.5%
bless
45.5%
God
45.5%
bless
45.5%
God
45.5%
bless
45.5%
our
43.6%
Look
43.6%
look
43.6%
Our
43.6%
We'd
41.8%
about
41.8%
We'd
41.8%
goes.
41.8%
Put
41.8%
about
41.8%
about
41.8%
left
41.8%
little
40%
little
40%
Going
38.2%
bit
36.4%
around
36.4%
around
36.4%
Most
36.4%
turns
34.5%
lonely
34.5%
learn
32.7%
Hide
32.7%
hide
32.7%
nation
32.7%
Jolting
32.7%
files.
30.9%
help
30.9%
help
30.9%
sympathetic
30.9%
home.
30.9%
secret
30.9%
yourself.
29.1%
feel
29.1%
pantry
29.1%
cupcakes.
29.1%
Robinson's
27.3%
kids.
27.3%
candidates'
27.3%
debate.
27.3%
Laugh
27.3%
until
25.5%
hiding
25.5%
Sunday
25.5%
afternoon.
25.5%
lose.
25.5%
Stroll
23.6%
grounds
23.6%
Koo-koo
21.8%
shout
21.8%
choose.
21.8%
affair.
20%
Ka-choo
20%
Sitting
18.2%
sofa
18.2%

You're not logged in!

Compare scores with friends on all Sporcle quizzes.
Join for Free
OR
Log In

You Might Also Like...

Show Comments

Extras

Top Quizzes Today


Score Distribution

Your Account Isn't Verified!

In order to create a playlist on Sporcle, you need to verify the email address you used during registration. Go to your Sporcle Settings to finish the process.

Report this User

Report this user for behavior that violates our Community Guidelines.

Details: